000 00275nam a2200121Ia 4500
008 220204s9999 xx 000 0 und d
082 _bMOR;1
100 _aMORONEY, M J
245 0 _aFacts from figures
250 _aEd.3
260 _aMiddlesex
_bPenguin
_c1956
942 _cBK
999 _c19601
_d19601